Economía internacional / (Record no. 50625)

MARC details
000 -LEADER
campo de control de longitud fija 00490nam a2200157 i 4500
001 - NÚMERO DE CONTROL
campo de control 50625
003 - IDENTIFICADOR DE NÚMERO DE CONTROL
campo de control ES-MaACL
007 - CAMPO FIJO DE DESCRIPCIÓN FÍSICA--INFORMACIÓN GENERAL
campo de control de longitud fija t|
008 - DATOS DE LONGITUD FIJA--INFORMACIÓN GENERAL
campo de control de longitud fija 030805s1982 sp ||||1| spa d
100 1# - ENTRADA PRINCIPAL--NOMBRE DE PERSONA
Nombre de persona Chacholiades, Miltiades.
9 (RLIN) 37754
245 10 - MENCIÓN DEL TÍTULO
Título Economía internacional /
Mención de responsabilidad, etc. Miltiades Chacholiades ; traductor Fernando Montes Negret.
260 ## - PUBLICACIÓN, DISTRIBUCIÓN, ETC.
Lugar de publicación, distribución, etc. [Madrid] :
Nombre del editor, distribuidor, etc. McGraw-Hill,
Fecha de publicación, distribución, etc. [1982]
300 ## - DESCRIPCIÓN FÍSICA
Extensión 677 p. ;
Dimensiones 24 cm.
700 1# - ENTRADA AGREGADA--NOMBRE PERSONAL
Nombre de persona Montes Negret, Fernando.
9 (RLIN) 82576
852 ## - LOCALIZACIÓN
Ubicación ES-MaACL
Número de control de estantería L-4094
Sublocalización o colección R.104810
Holdings
Estatus retirado Estado de pérdida Estado de daño No para préstamo Biblioteca de origen Biblioteca actual Ubicación en estantería Fecha de adquisición Fuente de adquisición Total de préstamos Signatura topográfica completa Código de barras Visto por última vez Precio de reemplazo Tipo de ítem Koha
        Biblioteca del Ateneo de Madrid Biblioteca del Ateneo de Madrid Depósito 2 17/01/2008     L-4094 1053247 23/02/2023 23/02/2023 Libro impreso